Normal view
MARC view
- Community Health Nursing
Entry Geographic Name
001 - CONTROL NUMBER
- control field: 217471
003 - CONTROL NUMBER IDENTIFIER
- control field: OSt
005 - DATE AND TIME OF LATEST TRANSACTION
- control field: 20260330160619.0
008 - FIXED-LENGTH DATA ELEMENTS
- fixed length control field: 260330|| aca||aabn | a|a d
040 ## - CATALOGING SOURCE
- Original cataloging agency: OSt
- Transcribing agency: OSt
151 ## - HEADING--GEOGRAPHIC NAME
- Geographic name: Community Health Nursing
670 ## - SOURCE DATA FOUND
- Source citation: Work cat.: (OSt)370780: TNAI 217469, Community Health Nursing Manual, 2024